000 00341nam a2200169Ia 4500
100 _aDietel/Paul
650 _aC++
250 _a8
942 _cBK
366 _f25
245 _aC++ How to program
260 _bPrentice Hall of India
_c2012
082 _a5.133
_bDIE
300 _a1069
546 _aENGLISH
_cComputers
999 _c18718
_d18718